| 000 | 01276nam a2200409.c 4500 | ||
|---|---|---|---|
| 001 | 52295 | ||
| 003 | ES-MaCES | ||
| 005 | 20251115040005.0 | ||
| 008 | 220524s2021 sp ||||| |||||||||||spa|d | ||
| 017 |
_aBI 02020-2021 _bDL |
||
| 020 | _a9788409360925 | ||
| 040 |
_aES-MaCES _bspa _cES-MaCES |
||
| 100 | 1 |
_925653 _aVelasco, Roberto |
|
| 245 | 1 | 0 |
_aAmenazas sociales de la revolución digital _cRoberto Velasco |
| 260 |
_aBilbado _bTecsal Bilbao _c[2021] |
||
| 300 |
_a315 p. _c24 cm |
||
| 504 | _aBibliografía: p. 299-315 | ||
| 541 | _cCompra | ||
| 650 | 4 |
_930788 _anuevas tecnologías |
|
| 650 | 4 |
_930104 _atecnología de la información |
|
| 650 | 4 |
_929509 _arobot industrial |
|
| 650 | 4 |
_930166 _ainteligencia artificial |
|
| 650 | 4 |
_927082 _aconsecuencias económicas |
|
| 650 | 4 |
_927288 _aconsecuencias sociales |
|
| 650 | 4 |
_928299 _aempleo |
|
| 650 | 4 |
_930756 _afuturo del trabajo |
|
| 650 | 4 |
_aeconomía colaborativa _937923 |
|
| 650 | 4 |
_927324 _aética |
|
| 650 | 4 |
_930789 _adesigualdad social |
|
| 650 | 4 |
_931101 _aseguridad ciudadana |
|
| 650 | 4 |
_926687 _apolítica exterior |
|
| 650 | 4 |
_ageografía política _928776 |
|
| 650 | 4 |
_928901 _afuturo |
|
| 653 | 1 | 0 | _aCiencias Sociales-Políticas |
| 902 | _aLIB Libro | ||
| 942 |
_2CES _cBK _h7.0. |
||
| 999 |
_c52295 _d52295 |
||